Państwa z czerwoną i białą flagą - Statystyki

Ogólne statystyki
  • Ten quiz został rozwiązany 17 razy
  • Średni wynik to 14 z 15
Statystyki odpowiedzi
Obrazkowy Odpowiedź % Poprawnych
Austria
100%
Japonia
100%
Kanada
100%
Katar
100%
Monako
100%
Polska
100%
Szwajcaria
100%
Turcja
100%
Dania
93%
Gruzja
93%
Indonezja
93%
Tunezja
87%
Singapur
80%
Bahrajn
73%
Tonga
60%
Nie znaleziono quizów pasujących do podanych kryteriów
Rozkład punktacji
Procent ludzi z każdym wynikiem
Percentyl według liczby udzielonych odpowiedzi
Twoja historia wyników
Nie rozwiązałeś tego quizu